|
|
|
|
| LEADER |
00000nab a2200000 4500 |
| 001 |
vtls012084729 |
| 003 |
SK-MaSNL |
| 005 |
20260426073837.0 |
| 008 |
220125|2021 xo |||| || ||00 0|slo |
| 015 |
|
|
|a SNBRB2022/01
|
| 040 |
|
|
|a SPKCL
|b slo
|e rda
|
| 041 |
|
|
|a slo
|
| 043 |
|
|
|a e-xo- - -
|
| 044 |
|
|
|a xo
|c SK
|
| 072 |
|
7 |
|a 37
|x Výchova a vzdelávania
|2 konspekt
|
| 072 |
|
7 |
|a 34 x Právo
|2 konspekt
|
| 080 |
|
|
|a 37.011.3-051:34
|2 2011
|
| 245 |
0 |
0 |
|a Štvrtá novela zákona o pedagogických a odborných zamestnancoch
|
| 336 |
|
|
|a text
|b txt
|2 rdacontent
|
| 337 |
|
|
|a bez média
|b n
|2 rdamedia
|
| 338 |
|
|
|a zväzok
|b nc
|2 rdacarrier
|
| 650 |
0 |
7 |
|a legislatíva
|2 SNKPH
|9 121217
|
| 650 |
0 |
7 |
|a zákony
|2 SNKPH
|9 1156
|
| 650 |
0 |
7 |
|a zamestnanci
|2 SNKPH
|9 16311
|
| 650 |
0 |
7 |
|a školstvo
|2 SNKPH
|9 19712
|
| 650 |
0 |
7 |
|a učitelia
|2 SNKPH
|9 3995
|
| 651 |
|
7 |
|a Slovensko
|2 SNKPHgeo
|9 14231
|
| 773 |
0 |
|
|t Škola : časopis o manažovaní škôl a školských zariadení, ekonomických a právnych aspektoch ich prevádzky
|g Roč. 26, č. 5 (2021), s. 20-49
|x 1335-1796
|
| 999 |
|
|
|c 2718213
|d 2720143
|